Conflictos entre denominación social, nombre comercial y marca registrada en la resolución general (IGJ) 7/2005 (Registro nro. 20873)
[ vista simple ]
| 000 -LEADER | |
|---|---|
| fixed length control field | 00420 a2200109 4500 |
| 001 - CONTROL NUMBER | |
| control field | ART_39049 |
| 005 - DATE AND TIME OF LATEST TRANSACTION | |
| control field | 20260410161804.0 |
| 008 - FIXED-LENGTH DATA ELEMENTS--GENERAL INFORMATION | |
| fixed length control field | 260409a |
| 100 1# - MAIN ENTRY--PERSONAL NAME | |
| Personal name | Monteleone Lanfranco, Alejandro P. |
| 245 10 - TITLE STATEMENT | |
| Title | Conflictos entre denominación social, nombre comercial y marca registrada en la resolución general (IGJ) 7/2005 |
| 773 0# - HOST ITEM ENTRY | |
| Title | Doctrina Societaria y Concursal |
| Related parts | - Nº 317 (abr. 2014) |
| Record control number | REV4298 |
No hay ítems disponibles.